|
|
|
|
| LEADER |
00969nam a2200265 a 4500 |
| 001 |
GR-Patra5237 |
| 008 |
991022s xxu 000 b eng d |
| 020 |
|
|
|a 0134624580
|
| 040 |
|
|
|a GrPaTEI
|b gre
|c GR-PaULI
|
| 245 |
0 |
0 |
|a Industrial organization.
|
| 260 |
|
|
|a Englewood Cliffs :
|b Prentice-Hall,
|c c1989
|
| 300 |
|
|
|a xv, 384σ. :
|b εικ., πίν.
|
| 650 |
|
0 |
|a Industrial organization
|
| 650 |
|
4 |
|a ΑΓΟΡΑ
|
| 650 |
|
4 |
|a ΒΙΟΜΗΧΑΝΙΚΗ ΟΡΓΑΝΩΣΗ
|
| 650 |
|
4 |
|a Βιομηχανική οργάνωση
|
| 650 |
|
4 |
|a ΜΟΝΟΠΩΛΕΙΟ
|
| 650 |
|
4 |
|a ΟΙΚΟΝΟΜΙΑ
|
| 650 |
|
4 |
|a ΟΛΙΓΟΠΩΛΕΙΟ
|
| 650 |
|
4 |
|a ΠΑΡΑΓΩΓΗ
|
| 700 |
1 |
|
|a Burgess, Giles H.
|
| 942 |
|
|
|2 ddc
|
| 952 |
|
|
|0 0
|1 0
|2 ddc
|4 0
|6 338_600000000000000_BUR
|7 0
|9 286344
|a LISK
|b LISK
|c BSC
|d 2021-01-17
|e 24
|f 0
|g 0.00
|l 0
|o 338.6 BUR
|p 9241008948
|r 2021-01-17 00:00:00
|t 1
|w 2021-01-17
|y BK15
|x 19991024 0 1
|x GrPaTEI
|
| 971 |
|
|
|a .b26527431
|b 15-04-20
|c 23-09-16
|
| 999 |
|
|
|c 167055
|d 167055
|